000 00302nam a2200121Ia 4500
005 20251222154308.0
008 251222s9999||||xx |||||||||||||| ||spa||
020 _a978-84-9910-430-0
082 _a611/L66
100 _a"Lippert, Lynn S."
245 0 _aAnatomía y cinesiología clúnicas
942 _cLIB
999 _c33301
_d33301